Anything but Ireland Quiz Stats

 Plays Quiz Updated Jul 2, 2018

Score 0/38 Timer 06:00
12 Plays Today
% Correct
Iceland
95.6%
Iceland
95.6%
Iceland
95.6%
Spain
87.6%
India
87.5%
India
87.5%
Portugal
86.8%
France
86.1%
United Kingdom‎
85.4%
Iran
81.4%
Iran
81.4%
Iraq
81.1%
Iraq
81.1%
Indonesia
80.6%
Italy
78.5%
Finland
76.6%
Norway
73.4%
Denmark (Greenland)
71.9%
Armenia
63.9%
% Correct
Argentina
62.6%
Israel
61.1%
Eritrea
60.7%
Uruguay
59.7%
Poland
57.6%
Switzerland
57.5%
New Zealand
49.9%
Thailand
49.4%
Côte d'Ivoire
40.4%
Djibouti (Djibouti)
38.1%
Syria (Damascus)
34.8%
Bangladesh (Dhaka)
32.5%
Senegal (Dakar)
30.5%
Qatar (Doha)
27.9%
Tanzania (Dodoma)
23.9%
Tajikistan (Dushanbe)
22.4%
Niger
22.2%
Timor-Leste (Dili)
19.9%
Cyprus
7.3%

You're not logged in!

Compare scores with friends on all Sporcle quizzes.
OR
Log In

You Might Also Like...

Show Comments

Extras

Top Quizzes Today


Score Distribution

Your Account Isn't Verified!

In order to create a playlist on Sporcle, you need to verify the email address you used during registration. Go to your Sporcle Settings to finish the process.

Report this User

Report this user for behavior that violates our Community Guidelines.

Details: